Information and measurement, 2nd edition / (Record no. 29124)

000 -LEADER
fixed length control field 00666 a2200193 4500
020 ## - INTERNATIONAL STANDARD BOOK NUMBER
International Standard Book Number 0750308230
020 ## - INTERNATIONAL STANDARD BOOK NUMBER
International Standard Book Number 9780750308236
082 04 - DEWEY DECIMAL CLASSIFICATION NUMBER
Classification number 003.54
090 ## - LOCALLY ASSIGNED LC-TYPE CALL NUMBER (OCLC); LOCAL CALL NUMBER (RLIN)
-- 493
-- 493
100 1# - MAIN ENTRY--PERSONAL NAME
Personal name Lesurf, J.C.G.
245 10 - TITLE STATEMENT
Title Information and measurement, 2nd edition /
Statement of responsibility, etc. J.C.G Lesurf.
250 ## - EDITION STATEMENT
Edition statement 2nd ed.
260 ## - PUBLICATION, DISTRIBUTION, ETC.
Place of publication, distribution, etc. [S.l.] :
Name of publisher, distributor, etc. Taylor & Francis,
Date of publication, distribution, etc. 2001.
300 ## - PHYSICAL DESCRIPTION
Extent 295 p. ;
Dimensions 24 cm.
490 1# - SERIES STATEMENT
Series statement Series in measurement science and technology.
830 #0 - SERIES ADDED ENTRY--UNIFORM TITLE
Uniform title Series in measurement science and technology.
942 ## - ADDED ENTRY ELEMENTS (KOHA)
Institution code [OBSOLETE] SNS
Koha item type Book
Call number prefix 003.54 LES
Holdings
Withdrawn status Lost status Damaged status Not for loan Permanent Location Current Location Date acquired Total Checkouts Full call number Barcode Date last seen Price effective from Koha item type
        School of Natural Sciences (SNS) School of Natural Sciences (SNS) 05/26/2016   003.54 LES SNS0000427 05/26/2016 05/26/2016 Book
© 2023 Central Library, National University of Sciences and Technology. All Rights Reserved.